रसाभिव्यक्ति / (Record no. 112922)

MARC details
000 -LEADER
fixed length control field 01070nam a22002657a 4500
005 - DATE AND TIME OF LATEST TRANSACTION
control field 20170124102945.0
010 ## - LIBRARY OF CONGRESS CONTROL NUMBER
LC control number B-077010
020 ## - INTERNATIONAL STANDARD BOOK NUMBER
Terms of availability 00.00
International Standard Book Number 8171242944
035 ## - SYSTEM CONTROL NUMBER
System control number B-077010
037 ## - SOURCE OF ACQUISITION
Source of stock number/acquisition Cen Lib/Ret
040 ## - CATALOGING SOURCE
Original cataloging agency DPL
Language of cataloging HN
082 ## - DEWEY DECIMAL CLASSIFICATION NUMBER
Classification number 811.08
Item number द्रिवेदी
100 ## - MAIN ENTRY--PERSONAL NAME
Personal name द्रिवेदी ,दशरथ
9 (RLIN) 7808
245 ## - TITLE STATEMENT
Title रसाभिव्यक्ति /
Statement of responsibility, etc दशरथ द्रिवेदी
246 ## - VARYING FORM OF TITLE
Title proper/short title Rasaabhivyakti
Remainder of title by Dashrath Drivedi
260 ## - PUBLICATION, DISTRIBUTION, ETC. (IMPRINT)
Place of publication, distribution, etc वाराणसी
Name of publisher, distributor, etc विश्वविद्यालय प्रकाशन
Date of publication, distribution, etc 2001
270 ## - ADDRESS
Address चौक वाराणसी
City वाराणसी
300 ## - PHYSICAL DESCRIPTION
Extent 152पृष्ठ.
Dimensions 21सेमी(सजिल्द)
650 ## - SUBJECT ADDED ENTRY--TOPICAL TERM
Topical term or geographic name as entry element हिंदी साहित्य
9 (RLIN) 49751
650 ## - SUBJECT ADDED ENTRY--TOPICAL TERM
Topical term or geographic name as entry element साहित्य शाश्त्र् -रस
9 (RLIN) 49752
650 ## - SUBJECT ADDED ENTRY--TOPICAL TERM
Topical term or geographic name as entry element Hindi Literature
9 (RLIN) 49753
650 ## - SUBJECT ADDED ENTRY--TOPICAL TERM
Topical term or geographic name as entry element Literature Shastr -ras
9 (RLIN) 49754
700 ## - ADDED ENTRY--PERSONAL NAME
9 (RLIN) 43371
942 ## - ADDED ENTRY ELEMENTS (KOHA)
Source of classification or shelving scheme Dewey Decimal Classification
Koha item type Hindi Books
Classification part 811.08
Call number suffix द्रिवेदी
Holdings
Withdrawn status Lost status Damaged status Not for loan Home library Current library Date acquired Source of acquisition Cost, normal purchase price Total Checkouts Full call number Barcode Date last seen Copy number Cost, replacement price Price effective from Koha item type
        Central Library Central Library 10/08/2015 Cen Lib/Ret 0.00   811.08 द्रिवेदी B-077010 10/08/2015 1 0.00 10/08/2015 Hindi Books

© Delhi Public Library
Hit Counter
free hit counter